Journal of the American institute of planners

Na minha lista:
Detalhes bibliográficos
Formato: Periódico
Idioma:inglês
Publicado em: Washington American Institute of Planners
Tags: Adicionar Tag
Sem tags, seja o primeiro a adicionar uma tag!

MARC

LEADER 00000nas1a2200000$$$4500
001 0009083
005 20250730114818.9
022 |a 0002-8991 
041 0 |a eng 
044 |a US 
245 1 0 |a Journal of the American institute of planners 
264 1 |a Washington  |b American Institute of Planners